Top 300 Girls' Names of 2016 (US, Spellings Combined) Quiz Stats

 Plays Quiz not verified by Sporcle

Also try: 'J' Food Pictures
Challenge
Share
Tweet
Embed
Score 0/300 Timer 20:00
0 Plays Today
- Name % Correct
237Allie
94.7%
2Olivia
94.2%
3Emma
94.2%
48Anna
94.2%
10Emily
92.8%
55Isabelle
92.7%
1Sophia
92.4%
4Ava
92.2%
5Isabella
91.9%
23Elizabeth
91.9%
138Maria
91.9%
17Madison
91.7%
9Charlotte
91%
20Aria
90.9%
30Ella
90.9%
166Eliza
90.9%
290Ariyah
90.9%
7Amelia
90.8%
24Lily
90.7%
6Mia
90.5%
11Zoey
90.4%
111Julia
90.4%
273Emmy
90.3%
53Katherine
90%
45Sarah
89.9%
153Mary
89.9%
22Chloe
89.7%
41Hannah
89.7%
32Addison
89.6%
99Eva
89.6%
251Jessica
89.6%
282Jennifer
89.6%
126Sophie
89.4%
12Abigail
89.3%
34Grace
89.2%
42Lillian
89.2%
25Ariana
89.1%
35Natalie
89%
40Leah
88.6%
43Hailey
88.6%
70Alexa
88.6%
36Maya
88.5%
60Kylie
88.5%
39Allison
88.1%
115Kayla
88.1%
129Lauren
88.1%
135Alexandra
88%
184Rose
87.9%
72Lucy
87.7%
8Riley
87.6%
16Aubrey
87.6%
13Evelyn
87.3%
58Audrey
87.3%
79Brianna
87.3%
249Kate
87.3%
120Ashley
87.1%
14Madelyn
87%
179Amy
87%
31Nora
86.9%
146Alexis
86.9%
185Rachel
86.7%
33Brooklyn
86.5%
21Avery
86.4%
68Samantha
86.4%
66Ellie
86%
59Gabriella
85.9%
193Brooke
85.9%
134Adriana
85.3%
165Rebecca
85.3%
228Angela
85.3%
110Clara
85.2%
241Gabrielle
85.2%
236Alexandria
85%
38Kaylee
84.8%
122Jade
84.6%
128Faith
84.5%
56Claire
84.3%
109Natalia
84.2%
80Jasmine
84.1%
103Bella
84.1%
15Layla
84%
76Caroline
84%
44Mackenzie
83.7%
101Alice
83.5%
18Harper
83.4%
29Elena
83.4%
=Hope
83.4%
92Ruby
83.3%
118Alyssa
83.3%
171Margaret
83.1%
63Lyla
83%
50Savannah
82.8%
108Jordyn
82.6%
169Molly
82.6%
269Melissa
82.6%
181Nicole
82.4%
141Kaitlyn
82.2%
148Daniela
82.2%
162Kimberly
81.9%
194Angelina
81.9%
- Name % Correct
69Stella
81.7%
87Juliana
81.2%
82Makayla
81.1%
207Daisy
81.1%
62Eleanor
80.9%
156Andrea
80.8%
27Aaliyah
80.7%
85Melanie
80.7%
220Michelle
80.7%
266Alicia
80.7%
57Liliana
80.6%
94Naomi
80.6%
233Stephanie
80.6%
46Penelope
80.5%
130Ivy
80.5%
163Morgan
80.5%
89Bailey
80.3%
91Annabelle
80.1%
143Alana
80%
37Victoria
79.7%
54Peyton
79.7%
197Gracie
79.7%
139Josephine
79.6%
90Autumn
79.5%
196Diana
79.5%
113Taylor
79.4%
192Esther
79.2%
157Elise
79.1%
28Camila
78.6%
127Juliette
78.6%
229Camille
78.5%
124Willow
78.4%
201Destiny
78.4%
84Sadie
78.2%
252Lola
78.2%
95Cora
77.8%
281Olive
77.8%
100Lydia
77.7%
247Christina
77.3%
219Jacqueline
77.2%
255Josie
77.1%
182Paige
76.9%
202Iris
76.9%
217Jada
76.8%
65Kennedy
76.6%
154Mariah
76.6%
49Mila
75.8%
67Violet
75.8%
104Quinn
75.8%
26Scarlett
75.7%
=Georgia
75.7%
137Isla
75.6%
214Vanessa
75.6%
114Ariel
75.4%
160Kendall
75.2%
81London
75%
105Gianna
74.9%
117Jocelyn
74.9%
83Callie
74.8%
47Paisley
74.6%
173Valerie
74.4%
149Keira
74%
216Summer
74%
292Jane
74%
93Aurora
73.8%
159Cecilia
73.7%
262Maggie
73.7%
176Melody
73.5%
75Genesis
73.4%
71Vivian
73.3%
77Charlie
73.3%
=Ada
72.8%
102Luna
72.7%
195Sienna
72.6%
226Lucia
72.6%
151Mckenna
72.5%
144Sydney
72.3%
97Serenity
72%
112Carly
71.6%
187Ashlyn
71.2%
298Annie
71%
286Skye
70.9%
73Hazel
70.8%
86Piper
70.6%
170Trinity
70.6%
52Adeline
70.5%
125Delilah
70.5%
=Lena
70.5%
51Skylar
70.4%
289Miranda
70.4%
204Cassidy
70.3%
61Eliana
70%
78Reagan
70%
88Nevaeh
70%
142Maci
69.4%
284Paris
68.7%
106Hadley
68.4%
183Valeria
68.4%
189Jayla
68.4%
180Eden
68.2%
- Name % Correct
98Emery
67.8%
147Brielle
67.5%
248Tessa
67.5%
161Harley
67.4%
167Kamryn
67%
74Amaya
66.9%
261Kenzie
66.6%
234Parker
66.5%
210Hayden
66.3%
121Alina
66%
242Brynn
65.8%
145Marley
65.7%
178Harmony
65.7%
221Selena
65.5%
296Lucille
65%
19Adalynn
64.7%
174Giselle
64.6%
119Emerson
63.5%
239Mariana
63.5%
250Ayla
62.9%
213Eloise
62.7%
265Joanna
62.7%
175Athena
62%
276June
62%
235Noelle
61.8%
132Malia
61.7%
64Kinsley
61.3%
107Ximena
61%
256Delaney
60.8%
295Kyla
60.7%
140Kinley
60.3%
275Casey
60.2%
246Lexi
60.1%
209Anastasia
59%
211Zara
59%
223Fiona
58.9%
205Arabella
58.4%
=Genevieve
58.4%
136Aniyah
58.1%
150Teagan
58.1%
270Adelaide
58.1%
155Cadence
57.4%
96Everly
56.9%
186Reese
56.7%
200Gemma
56.6%
133Journey
56.4%
293Lyric
55.9%
244Dakota
55.8%
188Jaelyn
55.5%
168Kaelyn
54.6%
123Brynlee
53.6%
131Valentina
53.5%
259Evangeline
53.2%
230Amira
53%
191Finley
52.9%
177Talia
52.5%
278Fatima
52.4%
190Presley
52.1%
199Gracelyn
51.7%
116Raelynn
51.5%
152Leilani
50.1%
232Rosalie
49.3%
240Liana
48.3%
254Amina
48.3%
164Nyla
48.1%
198Kaia
47.1%
203Rowan
46.8%
271Blake
46.7%
222Braelynn
46.4%
158Nova
45.8%
=Thea
42.7%
263Sawyer
41.3%
253Catalina
41.1%
172Aylin
40.9%
300Aisha
40%
272Amara
39.1%
291Ariella
38.2%
287Ryan
37.9%
=Brylee
37.7%
208Sloane
37.6%
227Annalise
37%
=Sage
36.3%
280Freya
35.3%
=Mariam
33.7%
297River
33.4%
279Blakely
33.3%
257Daleyza
32.8%
268Jazlyn
31.8%
238Zariah
29.6%
218Alayah
27.1%
=Aiyana
26.8%
225Reyna
26.1%
288Leia
25.4%
274Lorelei
25.2%
224Aviana
23.5%
285Margot
23.5%
264Imani
23.1%
258Kaliyah
22.8%
231Remi
20.8%
212Kalani
20.6%

You're not logged in!

Compare scores with friends on all Sporcle quizzes.
Join for Free
OR
Log In

You Might Also Like...

Show Comments

Extras

Created May 13, 2017SourceReportNominate
Tags:Baby Names Quiz

Top Quizzes Today


Score Distribution

Your Account Isn't Verified!

In order to create a playlist on Sporcle, you need to verify the email address you used during registration. Go to your Sporcle Settings to finish the process.

Report this User

Report this user for behavior that violates our Community Guidelines.

Details: